000 00799nam a2200241 i 4500
003 DO-SdBNP
005 20230817152236.0
007 ta
008 110413s1988 dr 000 0 spa d
040 _aDO-SdBNP
_bspa
_cBNPHU
_erda
082 _axxx
_bG892
_222
110 _aGrupo de Investigación
_bInstituto de Ciencias Políticas
_bUniversidad Heidelberg
_983984
245 1 3 _aEl sistema electoral del Uruguay :
_bcaracterística, evolución y efectos /
264 _aSanto Domingo :
_bFundación Friedrich Ebert,
_c1988.
300 _a16 páginas
_c23 cm.
336 _2rdacontent
_atexto
_btxt
337 _2rdamedia
_asin mediación
_bn
338 _2rdacarrier
_avolumen
_bnc
504 _aBibliografía p: 17
590 _aInventariado, 2023/ YL
910 _aYLockward
942 _2ddc
_cLF2
999 _c54463
_d54463